000 00376nam a2200157Ia 4500
008 240729s9999 xx 000 0 und d
022 _a2674-0346
245 0 _aAstronomy
260 _aSwitzerland
260 _bMDPI AG
650 _a Astronomy
650 _aScience
856 _uhttps://doaj.org/toc/127ae78c978e4a50af05bcf69054f872
942 _2ddc
942 _cDOAJEJ
999 _c68352
_d68352
945 _a1
_bMadushi Gamage
_c1
_dMadushi Gamage